Éttermi desszertkínálat Magyarországon
| Szerző: | |
|---|---|
| További közreműködők: | |
| Dokumentumtípus: | Diplomadolgozat |
| Kulcsszavak: | Édességkészítés Desszert Desszert, kínálat Desszert, korszerű Elemzés |
| Online Access: | http://dolgozattar.uni-bge.hu/59369 |
MARC
| LEADER | 00000nta a2200000 i 4500 | ||
|---|---|---|---|
| 001 | dolg59369 | ||
| 005 | 20260113160330.0 | ||
| 008 | 260113suuuu hu om 000 hun d | ||
| 040 | |a BGE Dolgozattár Repozitórium |b hun | ||
| 041 | |a hu | ||
| 100 | 1 | |a Nagy Júlia | |
| 245 | 1 | 0 | |a Éttermi desszertkínálat Magyarországon |c Nagy Júlia |h [elektronikus dokumentum] |
| 695 | |a Édességkészítés | ||
| 695 | |a Desszert | ||
| 695 | |a Desszert, kínálat | ||
| 695 | |a Desszert, korszerű | ||
| 695 | |a Elemzés | ||
| 700 | 1 | |a Györe György |e ths | |
| 856 | 4 | 0 | |u http://dolgozattar.uni-bge.hu/59369/1/Nagy_Julia.pdf |z Dokumentum-elérés |